Indian medicinal plants, Volume 4 /

Opis bibliograficzny
1. autor: Kirtikar, Kanhoba Ranchoddas, 1849-1917
Kolejni autorzy: Basu, Baman Das, 1867-1930 (joint author.)
Format: Książka
Język:English
Wydane: Dehra Dun, India : International Book Distributors, 2007.
Wydanie:second edition.
Hasła przedmiotowe:
Classic Catalogue: View this record in Classic Catalogue
LEADER 01711nam a2200301 a 4500
003 BD-DhAAL
008 100517s2007 ii a b 001 0 eng d
020 |a 8170892791 
040 |a DLC  |c DLC  |d DLC  |d BD-DhAAL 
082 0 0 |a 581.6/34/0954  |2 22 
100 1 |a Kirtikar, Kanhoba Ranchoddas,  |d 1849-1917.  |9 58772 
245 1 0 |a Indian medicinal plants,  |n Volume 4 /  |c by K. R. Kirtikar and B. D. Basu. 
250 |a second edition. 
260 |a Dehra Dun, India :  |b International Book Distributors,  |c 2007. 
300 |a cxcviii, 2395-2791 pages :  |b illustrations ;  |c 22 cm. 
362 0 |a Vol.4 
504 |a Includes bibliographical references and index.  
505 0 |a v. 1-4. Text. 
526 |x Mustak Ibn Ayub Department of Mathematics and Natural Sciences Course name and no. "not available" 
541 1 |a Parash Publishers  |e 00019030 
650 0 |a Medicinal plants  |z India.  |9 58773 
650 0 |a Materia medica, Vegetable  |z India.  |9 58774 
700 1 |a Basu, Baman Das,  |d 1867-1930,  |e joint author.  |9 58775 
852 4 |a Ayesha Abed Library  |j General Shelf. 
942 |2 ddc  |c BK 
999 |c 8617  |d 8617 
952 |0 0  |1 0  |2 ddc  |4 0  |6 581_634095400000000_KIR_2007  |7 0  |9 10276  |a BRACUL  |b BRACUL  |c GEN  |d 2010-05-17  |e Parash Publishers  |l 1  |m 2  |o 581.6340954 KIR  |p 3010019030  |r 2026-04-21  |s 2026-04-02  |t 1  |w 2010-05-17  |y BK  |x Requisitioned by Mustak Ibn Ayub, Department of Mathematics and Natural Sciences, Course name and no. "not available" 
952 |0 0  |1 0  |2 ddc  |4 0  |6 581_634095400000000_KIR_2007  |7 0  |9 10277  |a BRACUL  |b BRACUL  |c GEN  |d 2010-05-17  |e Parash Publishers  |l 0  |o 581.6340954 KIR  |p 3010019031  |r 2010-05-17  |t 2  |w 2010-05-17  |y BK  |x Requisitioned by Mustak Ibn Ayub, Department of Mathematics and Natural Sciences, Course name and no. "not available"